Statistics for Nebraska High School Mascots

Click here to take the quiz!

General Stats

  • This quiz has been taken 536 times
    (520 since last reset)
  • The average score is 162 of 277

Answer Stats

SchoolMascot% Correct
Bayard | Dundy County-Stratton | East Butler | +9 othersTigers
86%
Allen | Arlington | Brady | +12 othersEagles
85%
Ainsworth | Alliance | Auburn | +10 othersBulldogs
80%
Filmore Central | Hershey | Norfolk | PalmyraPanthers
80%
Columbus Lakeview | Grand Island Northwest | Omaha North | +2 othersVikings
79%
Arapahoe | Crofton | Fullerton | +9 othersWarriors
78%
Blair | Laurel Concord Coleridge | Omaha BryanBears
77%
Elmwood Murdock | Fremont Archbishop Bergan | Homer | +8 othersKnights
75%
Concordia | Gordon Rushville | McCool Junction | +7 othersMustangs
75%
Adams Central | Clarkson/Leigh | Millard South | Parkview ChristianPatriots
74%
Alma | Boone Central/Newman Grove | Chadron | +6 othersCardinals
73%
Louisville | MorrillLions
72%
Axtell | Cedar Bluffs | Hartington Newcastle | +6 othersWildcats
72%
Ashland Greenwood | Elba | Guardian Angels Central Catholic | +3 othersBluejays
70%
Deshler | Gretna | MadisonDragons
68%
Grand IslandIslanders
67%
Kearney | ScottsblluffBearcats
64%
Broken Bow | Minatare | Ogallala | +4 othersIndians
64%
Humboldt-Table Rock-Steinauer | Norris | Papillion La-Vista South | +2 othersTitans
64%
Douglas County West | Elkhorn Valley | Freeman | +2 othersFalcons
62%
Hampton | Hay SpringsHawks
61%
Aurora | Heartland | Omaha Northwest | +2 othersHuskies
60%
Ansley/Litchfield | Boyd County | Lincoln EastSpartans
59%
David City Aquinas | Papillion La-VistaMonarchs
58%
Bennington | ValentineBadgers
55%
Kenesaw | Plattsmouth | Wayne | WynotBlue Devils
55%
Central Valley | Conestoga | Cornerstone Christian School | +4 othersCougars
55%
Grand Island Central Catholic | Lincoln ChristianCrusaders
55%
Crawford | RalstonRams
55%
Creighton Prep | SewardJays
54%
Brownell Talbot | Lawrence-Nelson | Logan View/Scribner Snyder | +3 othersRaiders
54%
Creek Valley | Elkhorn South | High PlainsStorm
54%
Amherst | Centennial | Mullen | +2 othersBroncos
53%
Omaha SouthPackers
53%
Lincoln Northeast | SyracuseRockets
53%
Bellevue West | Johnson County CentralThunderbirds
53%
Central City | McCookBison
52%
Boys Town | Cody-KilgoreCowboys
52%
Lincoln HighLinks
51%
Cambridge | Hartington Cedar Catholic | Platteview | +2 othersTrojans
50%
ColombusDiscoverers
49%
Arthur County | Loomis | Maywood/Hayes Center | Twin LoupWolves
46%
Kearney CatholicStars
45%
BeatriceOrangemen
44%
Blue Hill | Hemingford | South Loup | SummerlandBobcats
43%
Omaha NationChiefs
43%
ElkhornAntlers
42%
Skutt CatholicSkyhawks
42%
Lincoln Pius XThunderbolts
42%
Wisner PilgerGators
40%
Howells-DodgeJaguars
39%
Fort Calhoun | Nebraska CityPioneers
39%
Columbus Scotus | Spalding AcademyShamrocks
39%
YorkDukes
38%
Lincoln North StarNavigators
38%
Burwell | Chase County | Dorchester | +2 othersLonghorns
37%
Elm Creek | GibbonBuffaloes
36%
Hi-LineBulls
36%
FairburyJeffs
36%
LexingtonMinutemen
36%
Falls City Sacred Heart | St Patrick'sIrish
35%
Bancroft-Rosalie/Lyons Decatur | Wilber ClationiaWolverines
35%
Franklin | Humphrey St. FrancisFlyers
34%
SterlingJets
34%
Emerson-Hubbard | PlainviewPirates
34%
Wahoo Bishop NeumannCavaliers
33%
MindenWhippets
33%
Battle CreekBraves
32%
Lincoln SouthwestSilverhawks
32%
GothenburgSwedes
32%
Bellevue East | YutanChieftains
30%
RiversideChargers
29%
HoldregeDusters
29%
GlitnerHornets
29%
Anselmo-Merna | Potter-DixCoyotes
28%
BloomfieldBees
27%
OrdChanticleers
27%
MalcolmClippers
27%
CozadHaymakers
27%
PenderPendragons
27%
David CityScouts
27%
Diller-OdellGriffin
26%
SutherlandSailors
25%
SidneyRed Raiders
23%
St. EdwardBeavers
21%
Roncalli CatholicCrimson Pride
21%
Hastings St. CeciliaBluehawks
20%
Exeter-MilliganTimberwolves
19%
Sandhills ValleyMavericks
18%
Omaha BensonMighty Bunnies
18%
Arcadia/Loup-CityRebels
17%
West Point-BeemerCadets
16%
CenturaCenturions
16%
Perkins CountyPlainsmen
15%
Elgin/Pope JohnWolfpack
15%
South Sioux CityRedbirds
12%
SouthwestRoughriders
10%
Chambers/Wheeler CentralRenegades
8%
South PlatteBlue Knights
6%
Heartland LutheranRed Hornets
6%

Score Distribution

Percentile by Number Answered

Percent of People with Each Score

Your Score History

You have not taken this quiz since the last reset